[Event "II Open"]
[Site "Poio ESP"]
[Date "2002.09.05"]
[Round "6"]
[White "Pena Gomez,M"]
[Black "Cubero Ferreiro,R"]
[Result "1/2-1/2"]
[WhiteElo "2109"]
[BlackElo "2095"]

1.e4 c5 2.Nf3 e6 3.d4 cxd4 4.Nxd4 a6 5.Bd3 Qc7 6.O-O Nf6 7.c4 Bd6 8.Nf3 Nc6
9.h3 h6 10.Nc3 g5 11.Ne1 Rg8 12.Be2 Ne5 13.f4 Ng6 14.e5 Bc5+ 15.Kh1 Nh7 16.Ne4 gxf4
17.Nd6+ Ke7 18.Bxf4 f5 19.exf6+ Nxf6 20.Nxc8+ Raxc8 21.Qd2 Rcf8  1/2-1/2

[Event "GP"]
[Site "Izmir TUR"]
[Date "2002.09.06"]
[Round "9"]
[White "Husnullin,R"]
[Black "Bratanov,Z"]
[Result "1-0"]
[WhiteElo "2202"]
[BlackElo "2438"]

1.e4 c5 2.Nf3 e6 3.d4 cxd4 4.Nxd4 a6 5.Bd3 Qb6 6.Nb3 Qc7 7.O-O Nf6 8.Qe2 d6
9.f4 Nbd7 10.N1d2 Be7 11.Nf3 e5 12.Kh1 O-O 13.fxe5 Nxe5 14.Nbd4 Nxd3 15.cxd3 Re8
16.Bg5 Bd7 17.Nh4 Nd5 18.Qf2 Rf8 19.Bd2 Nb6 20.Rac1 Qd8 21.Nhf5 Na4 22.Qg3 g6
23.Bh6 Bxf5 24.Bxf8 Bxf8 25.exf5 Bg7 26.fxg6 hxg6 27.Qf2 Qd7 28.b4 Rf8 29.Rc2 Qg4
30.Nb3 Nc3 31.Qb6 Nd5 32.Qf2 Qxb4 33.Rc4 Qb5 34.Rfc1 Ne7 35.Rc7 Nc6 36.Rf1 Qd5
37.Rxb7 Ne5 38.Ra7 Qxd3 39.Nc1 Qc4 40.h3 Rc8 41.Nb3 Rf8 42.Nc1 d5 43.Qe2 Qc3
44.Rxa6 d4 45.Rd1 Nd7 46.Nd3 Qc4 47.Rd6 Qc7 48.Rd5 Nf6 49.Rb5 Re8 50.Qb2 Ne4
51.Rb7 Ng3+ 52.Kg1 Ne2+ 53.Qxe2  1-0

[Event "FSGM Sept"]
[Site "Budapest HUN"]
[Date "2002.09.08"]
[Round "2"]
[White "Barczay,L"]
[Black "Bui Vinh"]
[Result "0-1"]
[WhiteElo "2389"]
[BlackElo "2444"]

1.e4 c5 2.Nf3 e6 3.d4 cxd4 4.Nxd4 a6 5.Bd3 Qc7 6.O-O Nf6 7.c4 b6 8.Nc3 d6
9.Bg5 Be7 10.Rc1 O-O 11.b3 Nbd7 12.Bb1 Bb7 13.Qd3 Nc5 14.Qh3 Rfe8 15.Rfe1 g6
16.Qh4 Nh5 17.b4 Bxg5 18.Qxg5 Nd7 19.Bd3 Kg7 20.Bf1 h6 21.Qd2 Rac8 22.Ncb5 axb5
23.Nxb5 Qb8 24.Nxd6 Red8 25.Nxc8 Bxc8 26.c5 bxc5 27.bxc5 Qc7 28.Red1 Rf8
29.Bb5 Ndf6 30.f3 g5 31.a4 Nf4 32.Qd6 Qa5 33.Qe5 Ba6 34.g3 Ne2+ 35.Bxe2 Bxe2
36.Rd4 Bxf3 37.g4 Qa6 38.Qg3 Qe2 39.Re1 Qb2 40.Qf2 Qxf2+ 41.Kxf2 e5 42.Rd6 Bxg4
43.Ke3 Rb8 44.Ra1 Rb3+ 45.Rd3 Rb2 46.Rd2 Rb3+ 47.Rd3 Rb2 48.Rd2 Rb4 49.a5 Rxe4+
50.Kd3 Rd4+  0-1

[Event "5th Pyramiden-Franken Cup"]
[Site "Fuerth GER"]
[Date "2002.09.08"]
[Round "9"]
[White "Sax,G"]
[Black "Voigt,R"]
[Result "0-1"]
[WhiteElo "2511"]
[BlackElo "2335"]

1.e4 c5 2.Nf3 e6 3.d4 cxd4 4.Nxd4 a6 5.Bd3 Nf6 6.O-O d6 7.c4 Nbd7 8.Nc3 Be7
9.b3 Qc7 10.Bb2 b6 11.Rc1 Bb7 12.Qe2 O-O 13.f4 h6 14.Rce1 Rfd8 15.Bb1 Nf8
16.Kh1 Rac8 17.f5 e5 18.Nd5 Nxd5 19.exd5 Bf6 20.Nf3 b5 21.Nd2 bxc4 22.bxc4 Nd7
23.Ba3 Nc5 24.Qg4 Qa5 25.Bc1 Qb4 26.a3 Qa4 27.Ne4 Nxe4 28.Rxe4 Kf8 29.Qe2 Qa5
30.Bd3 Rb8 31.Qa2 Rdc8 32.Bd2 Qc7 33.Rb1 Bg5 34.Be1 Ba8 35.Rd1 Bd8 36.h4 Qa7
37.Bb4 Qd7 38.Qd2 f6 39.g4 Bb6 40.Rf1 Ke7 41.Kg2 Qc7 42.g5 hxg5 43.hxg5 a5
44.gxf6+ gxf6 45.Qh6 Rg8+ 46.Kf3 axb4 47.axb4 Rbf8 48.Rg4 Rxg4 49.Kxg4 Qa7
50.Qd2 Be3 51.Qb2 Rg8+ 52.Kf3 Bf4  0-1

[Event "5th Pyramiden-Franken Cup"]
[Site "Fuerth GER"]
[Date "2002.09.08"]
[Round "9"]
[White "Berg,E"]
[Black "Braun,A"]
[Result "1-0"]
[WhiteElo "2516"]
[BlackElo "2317"]

1.e4 c5 2.Nf3 e6 3.d4 cxd4 4.Nxd4 a6 5.Bd3 g6 6.Nc3 Bg7 7.Be3 Ne7 8.f4 O-O
9.O-O Nbc6 10.Nxc6 Nxc6 11.a4 Qa5 12.Qf3 d6 13.Qf2 Bd7 14.Bb6 Qb4 15.Ne2 Qxb2
16.e5 Nb4 17.Be4 Nxc2 18.Rab1 Qa2 19.Nd4 dxe5 20.Nxc2 Bxa4 21.fxe5 Bxc2 22.Bxc2 Rac8
23.Bc5 Rc7 24.Bxf8 Bxf8 25.Kh1 Qxc2 26.Qxc2 Rxc2 27.Rxb7 Re2 28.Rbxf7 Bb4
29.Rb7 a5 30.g3 Re1 31.Rxe1 Bxe1 32.Re7 Bc3 33.Rxe6 a4 34.g4 Kf7 35.Ra6 Bxe5
36.Rxa4 Bf6 37.Ra7+ Kg8 38.Kg2 Bh4 39.Kf3 Be1 40.Rb7 Kh8 41.Rd7 Bh4 42.Kf4 Kg8
43.Kf3 Kh8 44.Kg2 Bf6 45.Rd5 Bh4 46.Kh3 Be1 47.Re5 Bc3 48.Re8+ Kg7 49.Kg3 Bf6
50.Re4 Bd8 51.Rd4 Bf6 52.Rd7+ Kg8 53.h4 Be5+ 54.Kf3 Bf6 55.h5 Bg5 56.Ke4 Bc1
57.Ke5 gxh5 58.gxh5 Bb2+ 59.Ke6 Bc1 60.Rd1 Be3 61.Kf6 h6 62.Kg6 Bg5 63.Rf1 Bd2
64.Rf3 Bg5 65.Rf2  1-0

[Event "Poyntner Mem GM"]
[Site "St Poelten AUT"]
[Date "2002.09.08"]
[Round "4"]
[White "Van der Weide,K"]
[Black "Sommerbauer,N"]
[Result "1/2-1/2"]
[WhiteElo "2403"]
[BlackElo "2407"]

1.e4 c5 2.Nf3 e6 3.d4 cxd4 4.Nxd4 a6 5.Bd3 g6 6.f4 Bg7 7.Nf3 Ne7 8.Nc3 Qb6
9.e5 O-O 10.Ne4 Nf5 11.Qe2 d6 12.c3 Nd7 13.g4  1/2-1/2

[Event "It"]
[Site "Tula RUS"]
[Date "2002.09.09"]
[Round "6"]
[White "Amonatov,F"]
[Black "Perun,S"]
[Result "1-0"]
[WhiteElo "2483"]
[BlackElo "2367"]

1.e4 c5 2.Nf3 e6 3.d4 cxd4 4.Nxd4 a6 5.Bd3 Qb6 6.c3 d6 7.O-O Nf6 8.a4 Be7
9.Nd2 O-O 10.Nc4 Qc7 11.a5 Nbd7 12.Qe2 Re8 13.Bg5 Rb8 14.Rfe1 Ne5 15.Nxe5 dxe5
16.Nf3 h6 17.Be3 Bc5 18.Bxc5 Qxc5 19.Rec1 Bd7 20.b4 Qc7 21.c4 Red8 22.h3 Be8
23.Rd1 g5 24.Qb2 Nd7 25.c5 f6 26.Nh2 Nf8 27.Ng4 Kg7 28.Ne3 Rd4 29.Nc2 Rd7
30.Be2 Rbd8 31.Qc3 Rxd1+ 32.Rxd1 Rxd1+ 33.Bxd1 Ba4 34.Be2 Bxc2 35.Qxc2 Ng6
36.Qa4 Nf4 37.Bf1 Qc8 38.Qd1 Qc6 39.g3 Ng6 40.Qd6 Qxd6 41.cxd6 Nf8 42.Bxa6 bxa6
43.b5  1-0

[Event "FSIMC Sept"]
[Site "Budapest HUN"]
[Date "2002.09.12"]
[Round "6"]
[White "Hanley,C"]
[Black "Ngo,N"]
[Result "1/2-1/2"]
[WhiteElo "2331"]
[BlackElo "2172"]

1.e4 c5 2.Nf3 e6 3.d4 cxd4 4.Nxd4 a6 5.Bd3 Nf6 6.Qe2 d6 7.O-O Nbd7 8.c4 g6
9.Nc3 Bg7 10.Rd1 O-O 11.Nf3 Qc7 12.Bf4 Ng4 13.Qd2 Nde5 14.Be2 Rd8 15.Rac1 b6
16.Bg5 f6 17.Nxe5 Nxe5 18.Be3 Rb8 19.b3 Bb7 20.f4 Nf7 21.f5 exf5 22.exf5 Re8
23.Bd3 gxf5 24.Bxf5 Rxe3 25.Qxe3 Bh6 26.Qd4 Bxc1 27.Rxc1 Qc5 28.Qxc5 bxc5
29.Re1 Ne5 30.Re3 h6 31.Be4 Kf7 32.Rh3 Kg7 33.Rg3+ Kf7 34.Kf2 a5 35.Ke3 Bxe4
36.Kxe4 Ke6 37.Nd5 f5+ 38.Kf4 Rf8 39.Rg7 Rf7 40.Rg8 a4 41.h4 axb3 42.axb3 Rb7
43.h5 Nd3+ 44.Ke3 Rxb3 45.Re8+ Kf7 46.Re7+ Kf8 47.Rh7 Nb4+ 48.Kf4 Nxd5+ 49.cxd5 Rd3
50.Kxf5 Rxd5+ 51.Kf6 Rg5 52.Rh8+ Rg8 53.Rxh6 Rxg2 54.Rh8+ Rg8 55.Rh7 Rg3
56.Rc7 Kg8 57.h6 Kh8 58.Rd7  1/2-1/2

[Event "TCh-FIN 2002-3"]
[Site "Finland FIN"]
[Date "2002.09.21"]
[Round "1"]
[White "Morant,P"]
[Black "Lindqvist,TE"]
[Result "1-0"]
[WhiteElo "2219"]
[BlackElo "2232"]

1.e4 c5 2.Nf3 e6 3.d4 cxd4 4.Nxd4 a6 5.Bd3 b5 6.O-O Qb6 7.Nb3 Qc7 8.Be3 Bb7
9.a4 b4 10.N1d2 d5 11.Re1 Nf6 12.Bd4 dxe4 13.Nxe4 Nxe4 14.Bxe4 Bxe4 15.Rxe4 Nc6
16.Qf3 Rd8 17.Rae1 Rd7 18.h3 Nxd4 19.Rxd4 Bd6 20.Qa8+ Rd8 21.Qxa6 O-O 22.Rc4 Qe7
23.Nd4 Qf6 24.b3 Be5 25.Ne2 Rd2 26.Rxb4 Rfd8 27.Re4 Bd4 28.Rf1 Bxf2+ 29.Kh2 Rd1
30.Rxd1 Rxd1 31.Qc8+ Rd8 32.Qc7 g5 33.Qe5 Qg6 34.Rc4 Ba7 35.g3 Bb8 36.Qe4 Qf6
37.Kg2 Kg7 38.Qf3 Qg6 39.Qc3+ f6 40.Qe3 Be5 41.Qe4 Qh5 42.Qe3 Qf7 43.b4 Qb7+
44.Qe4 Qd7 45.Qd3 Qb7+ 46.Qf3 Qd7 47.b5 Qd1 48.b6 Rd2 49.Kf2 Bxg3+ 50.Kxg3 f5
51.Kf2 Qb1 52.Qc3+  1-0

[Event "TCh-FIN 2002-3"]
[Site "Finland FIN"]
[Date "2002.09.21"]
[Round "1"]
[White "Pulkkinen,K"]
[Black "Nyysti,S"]
[Result "1/2-1/2"]
[WhiteElo "2319"]
[BlackElo "2297"]

1.e4 c5 2.Nf3 e6 3.d4 cxd4 4.Nxd4 a6 5.Bd3 Nf6 6.Qe2 e5 7.Nb3 d6 8.O-O Be7
9.c4 O-O 10.Nc3 Nc6 11.Be3 Ng4 12.Nd5 Nxe3 13.fxe3 Be6 14.Rad1 Bxd5 15.exd5 Nb4
16.Bb1 a5 17.c5 g6 18.Qb5 dxc5 19.d6 Bg5 20.Qxc5 Nc6 21.Be4 a4 22.Nd2 Qa5
23.Qxa5 Bxe3+ 24.Kh1 Nxa5 25.Bd5 Bxd2 26.Rxd2 Kg7 27.Rc2 Rad8 28.Rc7 Rxd6
29.Bxf7 Kh6 30.Kg1 Rb6 31.Rf3 Rxb2 32.Rh3+ Kg5 33.Rxh7 Rd8 34.h4+ Kf4 35.Rg7 Rdd2
36.Rxg6 e4 37.Be6 Nc6 38.Rf7+ Ke5 39.Rf5+ Kd4 40.Rd5+ Ke3 41.Rg3+ Kf4 42.Rg4+ Ke3
43.Rg3+ Kf4 44.Rg4+ Ke3 45.Rg3+  1/2-1/2

[Event "EuYCh G18"]
[Site "Peniscola ESP"]
[Date "2002.09.29"]
[Round "1"]
[White "Stiri,A"]
[Black "Pahor,A"]
[Result "0-1"]
[WhiteElo "2153"]
[BlackElo "2036"]

1.e4 c5 2.Nf3 e6 3.d4 cxd4 4.Nxd4 a6 5.Bd3 Nf6 6.Be3 d6 7.Nc3 b5 8.f3 Bb7
9.Qd2 Be7 10.g4 Nc6 11.O-O-O O-O 12.h4 Nd7 13.f4 Nxd4 14.Bxd4 e5 15.Be3 exf4
16.Bxf4 Ne5 17.g5 Rc8 18.Kb1 Re8 19.Nd5 Bf8 20.h5 Bxd5 21.exd5 Nxd3 22.Qxd3 Rc4
23.Rdf1 Ree4 24.Be3 Qe7 25.Rh3 Rcd4 26.Qc3 Rxd5 27.g6 fxg6 28.hxg6 hxg6 29.Qb3 Qe6
30.Rhf3 Rf5 31.Qd3 Rxe3 32.Rxf5 Re1+  0-1

[Event "6th Itau Cup"]
[Site "Sao Paulo BRA"]
[Date "2002.09.30"]
[Round "4"]
[White "Andrade,R"]
[Black "Galego,L"]
[Result "0-1"]
[WhiteElo "2305"]
[BlackElo "2511"]

1.e4 c5 2.Nf3 e6 3.d4 cxd4 4.Nxd4 a6 5.Bd3 Nf6 6.O-O Qc7 7.Nc3 b5 8.Qe2 b4
9.Nb1 Bb7 10.a3 Nc6 11.Nxc6 Qxc6 12.Re1 d5 13.e5 Ne4 14.Bxe4 dxe4 15.axb4 Bxb4
16.c3 Be7 17.Be3 O-O 18.Nd2 Rfd8 19.Nc4 Qe8 20.Na5 Bd5 21.c4 Bc6 22.Red1 Bb4
23.Rxd8 Rxd8 24.Nxc6 Qxc6 25.Rd1 Rxd1+ 26.Qxd1 Qxc4 27.Qd8+ Bf8 28.g3 h6
29.h4 Qb5 30.Bd4 Qd5 31.Qb6 a5 32.Qa7 Bb4 33.Qb6 Kh7 34.Qa7 Qb3 35.Kh2 Qf3
36.Be3 Kg6 37.Bf4 h5 38.Be3 Qd1 39.Kg2 Qd5 40.Qb8 Bd2 41.Qb6 Bxe3 42.Qxe3 Qxe5
43.b3 Qd5 44.Kh2 f6 45.Qc3 e5 46.Qe3 Qd3 47.Qb6 Qd4 48.Qxa5 Qxf2+ 49.Kh3 Qg1  0-1

[Event "EuYCh G18"]
[Site "Peniscola ESP"]
[Date "2002.10.01"]
[Round "3"]
[White "Tidman,S"]
[Black "Pahor,A"]
[Result "1-0"]
[WhiteElo "2139"]
[BlackElo "2036"]

1.e4 c5 2.Nf3 e6 3.d4 cxd4 4.Nxd4 a6 5.Bd3 Nf6 6.O-O d6 7.c4 Bd7 8.Nc3 Nc6
9.Nxc6 Bxc6 10.b4 b6 11.Bb2 Be7 12.Qe2 O-O 13.f4 Re8 14.e5 Nd7 15.Ne4 d5
16.Nd6 dxc4 17.Bxc4 Bxd6 18.exd6 b5 19.Bd3 Bd5 20.Qh5 Nf8 21.Qg4 Ng6 22.f5 exf5
23.Qd4 Re5 24.Rxf5 Qxd6 25.Rxe5  1-0

[Event "EuYCh G18"]
[Site "Peniscola ESP"]
[Date "2002.10.01"]
[Round "3"]
[White "Bronnikova,E"]
[Black "Kisonova,K"]
[Result "1-0"]
[WhiteElo "2233"]
[BlackElo "2166"]

1.e4 c5 2.Nf3 e6 3.d4 cxd4 4.Nxd4 a6 5.Bd3 Nf6 6.O-O Qc7 7.Qe2 d6 8.b3 Be7
9.Bb2 Bd7 10.Nd2 Nc6 11.c4 O-O 12.Kh1 Rfe8 13.f4 Nxd4 14.Bxd4 Bc6 15.Nf3 Nd7
16.Bb2 Nc5 17.Nd4 Nxd3 18.Qxd3 Bd7 19.Qg3 Bf8 20.Rad1 Rad8 21.Rd3 b6 22.Qh4 Qb7
23.Re3 Bc8 24.Qg3 Qc7 25.f5 e5 26.Ne2 f6 27.Nc3 Qf7 28.Nd5 b5 29.cxb5 axb5
30.Rc1 Kh8 31.Nc7 Re7 32.Nxb5 Rb7 33.Nc3 g6 34.fxg6 hxg6 35.Qh4+ Kg8 36.Nd5 Bg7
37.Rec3 Be6 38.Rc7 Rxc7 39.Rxc7 Bd7 40.a4 g5 41.Qg3 Qh5 42.Qf3 Qh4 43.g3 Qh6
44.Bc1 Kf8 45.a5 Qg6 46.g4 Rc8 47.Ba3  1-0

[Event "EuYCh G18"]
[Site "Peniscola ESP"]
[Date "2002.10.03"]
[Round "5"]
[White "Tidman,S"]
[Black "Kisonova,K"]
[Result "0-1"]
[WhiteElo "2139"]
[BlackElo "2166"]

1.e4 c5 2.Nf3 e6 3.d4 cxd4 4.Nxd4 a6 5.Bd3 Bc5 6.Nb3 Be7 7.Nc3 d6 8.Qe2 Nf6
9.Bd2 Nbd7 10.f4 Qc7 11.g4 h6 12.O-O-O b5 13.Rdg1 Bb7 14.h4 h5 15.gxh5 Nxh5
16.Qf2 Nc5 17.Nxc5 dxc5 18.Rh3 c4 19.Bf1 Bc5 20.Be3 Bxe3+ 21.Rxe3 Qxf4 22.Qxf4 Nxf4
23.Rg4 Ng6 24.Rh3 Kf8 25.h5 Ne5 26.Rf4 Rd8 27.Ne2 Ke7 28.Rh2 g5 29.Rff2 Ng4
30.Ng3 Nxh2 31.Rxh2 Kf6 32.Rf2+ Kg7 33.a3 Rd4  0-1

[Event "ch-ESP Open"]
[Site "Ayamonte ESP"]
[Date "2002.10.04"]
[Round "1"]
[White "Llaneza Vega,P"]
[Black "Ingunza Lopez,T"]
[Result "1-0"]
[WhiteElo "2312"]
[BlackElo "2042"]

1.e4 c5 2.Nf3 e6 3.d4 cxd4 4.Nxd4 a6 5.Bd3 Bc5 6.Nb3 Ba7 7.O-O Nc6 8.Qe2 Qc7
9.Be3 Bxe3 10.Qxe3 Nge7 11.Nc3 b5 12.Rad1 O-O 13.f4 d6 14.Qg3 Bb7 15.f5 b4
16.Ne2 e5 17.f6 Ng6 18.h4 h5 19.Qg5 Qd8 20.Bc4 Nce7 21.fxe7 Nxe7 22.Ng3 Rc8
23.Nxh5 g6 24.Bxf7+ Rxf7 25.Rxf7 Kxf7 26.Qf6+  1-0

[Event "ch-ESP Open"]
[Site "Ayamonte ESP"]
[Date "2002.10.06"]
[Round "3"]
[White "Llaneza Vega,P"]
[Black "Perez Fungueiro,M"]
[Result "0-1"]
[WhiteElo "2312"]
[BlackElo "2221"]

1.e4 c5 2.Nf3 e6 3.d4 cxd4 4.Nxd4 a6 5.Bd3 Bc5 6.Nb3 Ba7 7.O-O Ne7 8.Qg4 O-O
9.Bg5 f6 10.Bf4 e5 11.Bg3 d5 12.Qe2 dxe4 13.Qxe4 Ng6 14.Qc4+ Kh8 15.Bxg6 hxg6
16.Nc3 Qe7 17.Rad1 Be6 18.Qh4+ Kg8 19.Bxe5 g5 20.Bd6 gxh4 21.Bxe7 Re8 22.Bd6 Nc6
23.Nc5 Bg4 24.Rd2 Rad8 25.N5e4 f5 26.Bf4 fxe4 27.Rxd8 Nxd8 28.h3 Bf5 29.Bg5 Nc6
30.Bxh4 e3 31.fxe3 Bxc2 32.Bg5 Bxe3+ 33.Bxe3 Rxe3 34.Rf2 Bg6 35.Nd5 Re1+
36.Kh2 Bf7 37.Nc3 Re3 38.Rd2 Re7  0-1

[Event "EuYCh G18"]
[Site "Peniscola ESP"]
[Date "2002.10.06"]
[Round "7"]
[White "Tidman,S"]
[Black "Bashkite,V"]
[Result "1/2-1/2"]
[WhiteElo "2139"]
[BlackElo "2138"]

1.e4 c5 2.Nf3 e6 3.d4 cxd4 4.Nxd4 a6 5.Bd3 g6 6.c4 Bg7 7.Nb3 Ne7 8.Nc3 Nbc6
9.Be2 b6 10.Bg5 Qc7 11.O-O Bb7 12.Rc1 Rc8 13.Qd2 O-O 14.Rfd1 Qb8 15.Qe3 Qc7
16.Nd5 exd5 17.cxd5 d6 18.dxc6 Nxc6 19.Rc2 b5 20.Rcd2 Ne5 21.Rxd6 Nc4 22.Bxc4 Qxc4
23.Na5 Qxe4 24.Nxb7 Qxb7 25.Bh6 Rfe8 26.Qd2 Qe4 27.f3  1/2-1/2

[Event "EuYCh G18"]
[Site "Peniscola ESP"]
[Date "2002.10.07"]
[Round "8"]
[White "Skrochocka,J"]
[Black "Stiri,A"]
[Result "1-0"]
[WhiteElo "2096"]
[BlackElo "2153"]

1.e4 c5 2.Nf3 e6 3.d4 cxd4 4.Nxd4 a6 5.Bd3 Bc5 6.Nb3 Be7 7.O-O d6 8.c4 Nf6
9.Nc3 Qc7 10.f4 Nbd7 11.Kh1 b6 12.Qe2 Bb7 13.Bd2 O-O 14.Rae1 Nc5 15.Nxc5 bxc5
16.e5 Nd7 17.exd6 Bxd6 18.Ne4 Be7 19.Bc3 Rfe8 20.Qg4 g6 21.Qh3 Bf8 22.Ng5 h6
23.Nxf7 Kxf7 24.Bxg6+ Kxg6 25.Rxe6+ Rxe6 26.Qxe6+ Nf6 27.Qxf6+ Kh7 28.Qh8+ Kg6
29.Qf6+ Kh7 30.Qh8+ Kg6 31.f5+ Kh5 32.Qf6 Qc6 33.Qf7+ Kg5 34.Bd2+ Kg4 35.Rf4+  1-0

[Event "ch-ESP Open"]
[Site "Ayamonte ESP"]
[Date "2002.10.09"]
[Round "6"]
[White "Calzetta,M"]
[Black "Perez Candelario,M"]
[Result "1/2-1/2"]
[WhiteElo "2239"]
[BlackElo "2408"]

1.e4 c5 2.Nf3 e6 3.d4 cxd4 4.Nxd4 a6 5.Bd3 Nf6 6.O-O Qc7 7.Qe2 d6 8.c4 Nc6
9.Nxc6 bxc6 10.Nc3 Be7 11.f4 Nd7 12.Kh1 Bf6 13.e5 dxe5 14.Ne4 Bb7 15.c5 Be7
16.b4 f5 17.Ng5 Bxg5 18.fxg5 a5 19.Bc4 Ke7 20.Bb2 axb4 21.Rad1 Ra5 22.Rd6 Rxc5
23.Rxe6+ Kd8 24.Rxf5 e4 25.Rf7 Kc8 26.Ree7 Rd8 27.Be6 Rd5 28.h3 c5 29.Bxd5 Bxd5
30.Rxg7 c4 31.Be5 Qc6 32.Qe3 c3 33.Qa7 Qb7 34.Qa5 e3 35.Rxd7 Rxd7 36.Qc5+ Qc6
37.Qxb4 Rxg7 38.Qf8+ Kb7 39.Qxg7+ Ka6 40.Bxc3 Bxg2+ 41.Kg1 Qe4 42.Qf6+ Kb5
43.Qe5+  1/2-1/2

[Event "FSIMB Oct"]
[Site "Budapest HUN"]
[Date "2002.10.11"]
[Round "7"]
[White "Abella Vazquez,Ce"]
[Black "Berczes,D"]
[Result "1/2-1/2"]
[WhiteElo "2117"]
[BlackElo "2232"]

1.e4 c5 2.Nf3 e6 3.d4 cxd4 4.Nxd4 a6 5.Bd3 Bc5 6.Nb3 Be7 7.Nc3 d6 8.O-O Nd7
9.Be3 Ngf6 10.f4 Qc7 11.Qf3 O-O 12.Rae1 b6 13.g4 Bb7 14.g5 Ne8 15.Qh5 Nc5
16.Nxc5 dxc5 17.Rf3 c4 18.Rh3 h6 19.Be2 Bc5 20.e5 Rd8 21.Bf3 Rd2 22.Ne4 Bxe3+
23.Rxe3 Rxc2 24.Nf6+ Nxf6 25.gxf6 Bxf3 26.Rhxf3 Qc6 27.Rg3 Rc1+ 28.Kf2 Rc2+  1/2-1/2

[Event "TCh-SWE"]
[Site "Helsingborg SWE"]
[Date "2002.10.11"]
[Round "1"]
[White "Backlund,A"]
[Black "Nordstrom,F"]
[Result "1/2-1/2"]
[WhiteElo "2256"]
[BlackElo "2176"]

1.e4 c5 2.Nf3 e6 3.d4 cxd4 4.Nxd4 a6 5.Bd3 d5 6.exd5 Qxd5 7.O-O Nf6 8.Nc3 Qd6
9.Bg5 Nbd7 10.Nf3 Be7 11.Qe2 Nc5 12.Rad1 Qc7 13.Bxf6 gxf6 14.Rfe1 b5 15.Ne4 Nxd3
16.Rxd3 Bb7 17.Nd4 Qe5 18.c3 O-O-O  1/2-1/2

[Event "TCh-BEL 2001-2"]
[Site "Belgium BEL"]
[Date "2002.10.12"]
[Round "7"]
[White "Baert,A"]
[Black "Defize,A"]
[Result "1/2-1/2"]
[WhiteElo "2179"]
[BlackElo "2271"]

1.e4 c5 2.Nf3 e6 3.d4 cxd4 4.Nxd4 a6 5.Bd3 Ne7 6.O-O Nbc6 7.Nxc6 Nxc6 8.c4 Bc5
9.Nc3 Qh4 10.Qe2 O-O 11.Be3 Bxe3 12.Qxe3 e5 13.f4 exf4 14.Rxf4 Qg5 15.c5 d6
16.cxd6 Be6 17.Rd1 Rad8 18.Be2 Qe5 19.Rff1 Rxd6 20.Rxd6 Qxd6 21.Rd1  1/2-1/2

[Event "19th Muensterland Open"]
[Site "Senden GER"]
[Date "2002.10.18"]
[Round "9"]
[White "Sandipan,C"]
[Black "Landa,K"]
[Result "1/2-1/2"]
[WhiteElo "2510"]
[BlackElo "2632"]

1.e4 c5 2.Nf3 e6 3.d4 cxd4 4.Nxd4 a6 5.Bd3 Qb6 6.Nb3 d6 7.O-O Nf6 8.c4 Be7
9.Nc3 O-O 10.Be3 Qc7 11.Rc1 b6 12.f4 Nbd7 13.Qf3 Bb7 14.Qh3 Rfe8 15.Bd4 g6
16.f5 gxf5 17.Nd5 Qd8 18.Nxf6+ Bxf6 19.Bxf6 Qxf6 20.exf5 e5 21.Be4 Bxe4 22.Qg4+ Kh8
23.Qxe4 Nc5  1/2-1/2

[Event "TCh-BEL 2002-3"]
[Site "Belgium BEL"]
[Date "2002.10.20"]
[Round "2"]
[White "Van der Weide,K"]
[Black "Chuchelov,V"]
[Result "0-1"]
[WhiteElo "2400"]
[BlackElo "2593"]

1.e4 c5 2.Nf3 e6 3.d4 cxd4 4.Nxd4 a6 5.Bd3 Nf6 6.f4 d6 7.Qf3 g6 8.Nc3 Bg7
9.Be3 O-O 10.O-O Nbd7 11.Nb3 Qc7 12.g4 b5 13.g5 Nh5 14.Rae1 Bb7 15.Qh3 Rfe8
16.Nd1 e5 17.f5 d5 18.Nf2 Nf4 19.Bxf4 exf4 20.f6 Bf8 21.Nd4 Nc5 22.e5 Rxe5
23.Nf3 Bc8 24.Qh4 Re3 25.Nd4 Bd7 26.Rd1 Rae8 27.Rd2 Qe5 28.c3 Ne4 29.Bxe4 dxe4
30.Nd1 Rd3 31.Rxd3 exd3 32.Qxf4 Qxf4 33.Rxf4 Re1+ 34.Rf1 d2 35.Kf2 Rxf1+
36.Kxf1 Bg4 37.Ne3 d1=Q+ 38.Nxd1 Bxd1 39.b4 Bd6 40.h3 Bf4 41.Ke1 Ba4  0-1

[Event "IM It"]
[Site "Rosny sous Bois FRA"]
[Date "2002.10.26"]
[Round "1"]
[White "Bellaiche,A"]
[Black "Velikov,P"]
[Result "1-0"]
[WhiteElo "2369"]
[BlackElo "2431"]

1.e4 c5 2.Nf3 e6 3.d4 cxd4 4.Nxd4 a6 5.Bd3 Bc5 6.Nb3 Ba7 7.c4 d6 8.O-O Nc6
9.Nc3 Nf6 10.Kh1 Ne5 11.f4 Ng6 12.Qe2 Qc7 13.Bd2 O-O 14.Rae1 Bd7 15.Rf3 Bc6
16.Rh3 Rfe8 17.e5 dxe5 18.fxe5 Nd7 19.Qh5 Ndf8 20.Ne4 Qxe5 21.Ng5 Qxe1+ 22.Bxe1 Bxg2+
23.Kxg2 Nf4+ 24.Kf1 Nxh5 25.Rxh5 f5 26.c5 h6 27.Nf3 Ng6 28.Bc4 Rad8 29.Nbd4 Kh8
30.Bc3 Nf4 31.Rh4 Nd5 32.Bxd5 Rxd5 33.c6 Bxd4 34.Nxd4 bxc6 35.Nxc6 e5 36.Ra4 e4
37.Rxa6 f4 38.Nd4 Rh5 39.Ne6  1-0

[Event "10th Chigorin Mem"]
[Site "St Petersburg RUS"]
[Date "2002.10.27"]
[Round "3"]
[White "Palekha,A"]
[Black "Kuporosov,V"]
[Result "1/2-1/2"]
[WhiteElo "2409"]
[BlackElo "2467"]

1.e4 c5 2.Nf3 e6 3.d4 cxd4 4.Nxd4 a6 5.Bd3 Nf6 6.O-O d6 7.c4 Be7 8.Nc3 b6
9.f4 Bb7 10.Be3 Nbd7 11.Qf3 g6 12.Rad1 Qc7 13.Nb3 h5  1/2-1/2

[Event "Olympiad w"]
[Site "Bled SLO"]
[Date "2002.10.28"]
[Round "3"]
[White "Gretarsdottir,L"]
[Black "Caoili,A"]
[Result "0-1"]
[WhiteElo "2025"]
[BlackElo "2309"]

1.e4 c5 2.Nf3 e6 3.d4 cxd4 4.Nxd4 a6 5.Bd3 Bc5 6.Nb3 Be7 7.Qg4 g6 8.O-O d6
9.Qe2 Qc7 10.c4 Nd7 11.Nc3 b6 12.Bf4 Bb7 13.a4 h6 14.a5 Bg5 15.Bg3 h5 16.f3 Ngf6
17.Kh1 h4 18.Be1 Nh5 19.axb6 Nxb6 20.Na5 Bc8 21.b4 Bf4 22.Qc2 d5 23.exd5 Bxh2
24.c5 Nxd5 25.Nxd5 exd5 26.Bxg6 Be5 27.Bc3 Ng3+ 28.Kg1 Bxc3 29.Rfe1+ Bxe1
30.Rxe1+ Kf8 31.Qc3 Rg8 32.Bh7 Rg7 33.c6 Be6 34.Bc2 h3 35.Qc5+ Qe7 36.Qc3 Qh4
37.Qc5+ Kg8 38.c7 h2+  0-1

[Event "Olympiad w"]
[Site "Bled SLO"]
[Date "2002.10.29"]
[Round "4"]
[White "Vasquez Ramirez,R"]
[Black "Sarakauskiene,Z"]
[Result "1-0"]
[WhiteElo "2252"]
[BlackElo "2182"]

1.e4 c5 2.Nf3 e6 3.d4 cxd4 4.Nxd4 a6 5.Bd3 Nf6 6.O-O Qc7 7.c4 Nc6 8.Nxc6 dxc6
9.Qe2 e5 10.h3 Bc5 11.Nd2 O-O 12.Nb3 Nd7 13.Bd2 Be7 14.Be3 a5 15.a4 c5 16.Nd2 Rd8
17.Nb1 Nf8 18.Nc3 Ne6 19.Nd5 Qd6 20.Qh5 g6 21.Qh6 Nd4 22.f4 f5 23.fxe5 Qxe5
24.Bf4 Qe6 25.exf5 Rxd5 26.cxd5 Qf6 27.fxg6 hxg6 28.Bxg6 Qg7 29.Qh5 Bf6 30.Rae1 Bd7
31.Bh6  1-0

[Event "Blue Autumn"]
[Site "Bucharest ROM"]
[Date "2002.10.29"]
[Round "7"]
[White "Golubev,M"]
[Black "Manolache,M"]
[Result "1-0"]
[WhiteElo "2528"]
[BlackElo "2437"]

1.e4 c5 2.Nf3 e6 3.d4 cxd4 4.Nxd4 a6 5.Bd3 Ne7 6.O-O Nbc6 7.Nxc6 Nxc6 8.f4 d6
9.Kh1 Be7 10.c4 O-O 11.Nc3 Bd7 12.b3 Bf6 13.Bb2 Bd4 14.Qd2 Rc8 15.Rad1 Qa5
16.Rf3 f5 17.exf5 exf5 18.Be2 Be6 19.Rd3 Bf6 20.Rxd6 Rcd8 21.Nd5 Bxb2 22.Ne7+ Kf7
23.Nxc6 Rxd6 24.Qxa5 Rxd1+ 25.Bxd1 bxc6 26.Bf3 Rc8 27.Qxa6 Bd7 28.Qa7 Ke6
29.Qe3+ Kf6 30.Qd2  1-0

[Event "IM It"]
[Site "Rosny sous Bois FRA"]
[Date "2002.10.29"]
[Round "4"]
[White "Maitesian,S"]
[Black "Velikov,P"]
[Result "0-1"]
[WhiteElo "2305"]
[BlackElo "2431"]

1.e4 c5 2.Nf3 e6 3.d4 cxd4 4.Nxd4 a6 5.Bd3 Qc7 6.c4 Nc6 7.Be3 Nf6 8.Nd2 Ne5
9.Be2 d6 10.f4 Ned7 11.O-O b6 12.Bf3 Bb7 13.g4 e5 14.Ne2 exf4 15.Nxf4 Ne5
16.Nd5 Bxd5 17.cxd5 Be7 18.Rc1 Qd8 19.Nc4 Nfd7 20.Nxe5 Nxe5 21.Qb3 b5 22.a4 Rb8
23.Rc6 Nxc6 24.dxc6 O-O 25.e5 dxe5 26.Bd5 bxa4 27.Bxf7+ Kh8 28.Qc2 Bd6 29.g5 Qc8
30.Qg2 Rb4 31.Kh1 Qg4 32.Qxg4 Rxg4 33.Rf5 Re4 34.Bd2 g6 35.Rf6 Kg7 36.Bd5 Re2
37.Bc3 Rxf6 38.gxf6+ Kxf6 39.Bc4 Rc2 40.Bd3 Rc1+ 41.Kg2 a3  0-1

[Event "Olympiad w"]
[Site "Bled SLO"]
[Date "2002.10.30"]
[Round "5"]
[White "Kaps,D"]
[Black "Mongontuul,B"]
[Result "1-0"]
[WhiteElo "2224"]
[BlackElo "2375"]

1.e4 c5 2.Nf3 e6 3.d4 cxd4 4.Nxd4 a6 5.Bd3 Qc7 6.O-O Nc6 7.Nxc6 dxc6 8.a4 a5
9.Be3 Nf6 10.Nd2 e5 11.Nc4 Be6 12.Bb6 Qb8 13.Qe1 Bb4 14.c3 Bxc4 15.Bxc4 Be7
16.Rd1 O-O 17.Qe2 Qc8 18.f4 Nd7 19.Be3 exf4 20.Bxf4 Nc5 21.Be5 Kh8 22.Bxf7 Nxa4
23.Qh5 Nc5 24.Bxg7+ Kxg7 25.Qe5+ Kh6 26.Rd6+  1-0

[Event "Olympiad w"]
[Site "Bled SLO"]
[Date "2002.10.30"]
[Round "5"]
[White "Bazaj Bockai,S"]
[Black "Stoilkovska,S"]
[Result "1-0"]
[WhiteElo "2144"]
[BlackElo "2013"]

1.e4 c5 2.Nf3 e6 3.d4 cxd4 4.Nxd4 a6 5.Bd3 Qc7 6.O-O Nf6 7.Nc3 Nc6 8.Be3 Nxd4
9.Bxd4 Bc5 10.Bxc5 Qxc5 11.Re1 d6 12.Qe2 e5 13.Qe3 Qxe3 14.Rxe3 Be6 15.Rd1 O-O
16.Be2 Rfd8 17.Red3 Ne8 18.Nd5 Bxd5 19.Rxd5 Rac8 20.c4 f6 21.c5 Rc6 22.b4 b6
23.cxd6 Rcxd6 24.Bxa6 Kf8 25.Rxd6 Rxd6 26.Rxd6 Nxd6 27.Bd3 Ke7 28.Kf1 Kd7
29.Ke2 Kc6 30.Kd2 Ne8 31.a4 Nd6 32.Kc3 Kc7 33.f3 Nc8 34.Bc4 Nd6 35.Bd5 g5
36.b5 h5 37.Kb4 Nc8 38.a5 bxa5+ 39.Kxa5 Nb6 40.Bc6 Nc4+ 41.Kb4 Ne3 42.Kc5 Nxg2
43.b6+ Kb8 44.Be8 h4 45.Bd7 Ne1 46.Bg4 Nd3+ 47.Kd6 Kb7 48.Ke6 Kxb6 49.Kxf6 Kc7
50.Kxg5 Kd6 51.Kxh4  1-0